| 000 | 02132nam2a22003131 4500 | ||
|---|---|---|---|
| 001 | rc\3716305 | ||
| 005 | 20250610103142.0 | ||
| 021 |
_aRU _b[73-73889] |
||
| 035 | _a(NLR Aleph) 007859913 | ||
| 090 |
_a7797915 _c7797915 |
||
| 100 | _a20130115d1973 |||y0rusy50 ca | ||
| 101 | 0 | _arus | |
| 102 | _aRU | ||
| 105 | _ay z ||||| | ||
| 200 | 1 |
_aКомплекс программ "Памир-72" _fМ-во автомоб. транспорта РСФСР. Отраслевой фонд алгоритмов и программ. Ленингр. гос. ун-т им. А.А. Жданова. Вычислит. центр Главленавтотранса _g[Разраб. Аникеич А.А., Грибов А.Б., Михейкина Р.Ф. и др.] |
|
| 210 |
_d1973 _aБ. м. |
||
| 215 | _a224 с. | ||
| 320 | _aСписок лит.: с. 222 (10 назв.) | ||
| 461 | 0 |
_1001rc\3716300 _12001#$aСпециальное математическое обеспечение ЭВМ "Урал-14"$eВып. 1-$fМ-во автомоб. транспорта РСФСР. Ордена Труд. Красного Знамени Гл. ленингр. упр. автомоб. транспорта. Вычисл. центр$vВып. 5 _97797905 _cЛенинград _d1971 _fМ-во автомоб. транспорта РСФСР. Ордена Труд. Красного Знамени Гл. ленингр. упр. автомоб. транспорта. Вычисл. центр _nБ. и. _oВып. 1- _tСпециальное математическое обеспечение ЭВМ "Урал-14" _vВып. 5 |
|
| 532 | 1 | 1 | _aКомплекс программ Памир семьдесят два |
| 606 |
_aАвтомобильные перевозки, грузовые _xМаршрутизация _xМатематические методы (вып. 5) _2psbo |
||
| 702 | 1 |
_aГрибов _bА.Б. _4570 |
|
| 702 | 1 |
_aАникеич _bА.А. _gАндрей Аверьянович _4570 |
|
| 702 | 1 |
_aМихейкина _bР.Ф. _4570 |
|
| 801 | 0 |
_aRU _bNLR _gpsbo |
|
| 801 | 1 |
_aRU _bELAR _2rusmarc |
|
| 852 |
_aNLR _j72-3/1611 |
||
| 942 | _cBOOK | ||
| 980 | _aNB | ||